| 000 | 00620nam a2200193 u 4500 | ||
|---|---|---|---|
| 005 | 20220818063539.0 | ||
| 008 | 100924m19982006cl r 000 0 spa d | ||
| 020 | _a9583004901 | ||
| 035 | _aUPN01000177909 | ||
| 049 | _aI | ||
| 050 | 4 |
_aPZ78 _bN5.3 |
|
| 100 | 1 |
_aNiño, Jairo Aníbal, _d1941- _932016 |
|
| 245 | 1 | 0 |
_aFutból, goles y girasoles / _cJairo Aníbal Niño ; il. de Jairo Linares. |
| 260 |
_aBogotá : _bPanamericana, _c1998 (2006 impr.). |
||
| 300 |
_a144 p. : _bil. col. |
||
| 650 | 4 |
_aFUTBOL (SOCCER) - _vLITERATURA INFANTIL _912082 |
|
| 650 | 0 |
_aCuentos infantiles colombianos _94407 |
|
| 905 | _aInfantil | ||
| 999 |
_c150012 _d150012 |
||